00487nam a22001337a 4500008004100000020001500041050001900056245016200075260003300237300001700270700002100287700002200308700002300330140911b xxu||||| |||| 00| 0 eng d a0406000417 aKD288.A6(1922) aThe All England law reports reprint 1922: being a selection from the law times reports 1843-1935 revised and annotated. /cedited by G.F.L. Bridgman et al... aLondon:bButterworth,c1960. a802p.c23cm. aBridgman, G.F.L. aSwingland, O.M.W. aSummerfield, Henry